Mass media in changing world history, industry, controversy

保存先:
書誌詳細
第一著者: Rodman, George
フォーマット: 不明
言語:English
出版事項: Oxford University Press 2008
主題:
タグ: タグ追加
タグなし, このレコードへの初めてのタグを付けませんか!
Thư viện lưu trữ: Mạng thư viện Đại học Đà Nẵng
LEADER 01129ca a2200325 4500
001 000030683
003 4346
005 20151113000000.0
008 151001s2008 000 eng
020 |a 9780073511900 
041 |a eng 
082 |a 420.9  |b RO-G 
100 |a Rodman, George 
245 |a Mass media in changing world history, industry, controversy  |c George Rodman 
260 |a Oxford University Press  |c 2008 
300 |a 576p. : ill ; 25cm 
650 |a Mass media in changing world history, industry, controversy, historyGeorge Rodman,2008 
852 |b Chuyên đề  |c Tiếng Anh tham khảo 1 
OWN |a LNN 
AVA |a UDN50  |b LNN  |d 420.9 RO-G  |e available  |t Error 5001 Not defined in file expand_doc_bib_avail.  |f 1  |g 0  |h N  |i 0  |k 1 
999 |a From the UDN01 
AVA |a UDN50  |b LNN  |d 420.9 RO-G  |e available  |t Error 5001 Not defined in file expand_doc_bib_avail.  |f 1  |g 0  |h N  |i 0  |k 1 
TYP |a Printed language 
980 |a Mạng thư viện Đại học Đà Nẵng